1044 1889 1284 1222 1236 1017 1768 1749 1353 1188 1474 1875 1577 1638 1023 1495 1586 1963 1476 1895 1006 1358 1295 1499 1364 1185 1301 1190 1106 1850 1314 1197 1729 1771 1345 1917 1576 1126 1381 1520 1312 1583 1765 1492 1601 1000 1686 1815 1358 1620 1250 1055 1811 1698 1806 1937 1923 1732 1293 1559 1565 1809 1757 1666 1209 1819 1823 1285 1054 1825 1200 1980 1282 1810 1936 1469 1929 1752 1902 1801 1704 1569 1492 1159 1838 1408 1747 1160 1099 1604 1339 1534 1352 1953 1704 1364 1372 1934 1788 BCNSPRNW ULIB Ver.6.0+V

เปลี่ยนเป็นภาษาไทย

Change to English
 แสดงรายละเอียดบรรณานุกรม
  กลับหน้าหลัก

Brief Record : Get Marc (ISO 2709) : E-mail record : QR code < ปิดหน้าต่าง
LEADER : 00000nam 2200000uu 4500
001    13399128683
003     ULIB
008    020711s2563 th a 000 0 tha d
020    ^a9789742968496
060    ^aWS105^bก151ค
110    ^aกรมสุขภาพจิต, กระทรวงสาธารณสุข
245    ^aคู่มือประเมินเพื่อช่วยเหลือเด็กปฐมวัยที่มีปัญหาพัฒนาการ(Thai Early Development Assessment for Intervention : TEDA4I)
250    ^aพิมพ์ครั้งที่ 6
260    ^aกรุงเทพฯ :^bโรงพิมพ์ชุมนุมสหกรณ์การเกษตรแห่งประเทศไทย จำกัด,^c2563
300    ^a132 หน้า;^c16 ซม.
650    ^aเด็กปฐมวัย^xพัฒนาการ
650    ^aเด็กปฐมวัย^xการประเมิน
945    ^p0^l0^i010330
945    ^p0^l0^i010331
945    ^p0^l0^i010332
945    ^p0^l0^i010333
945    ^p0^l0^i010334
945    ^p0^l0^i010335
945    ^p0^l0^i010336
945    ^p0^l0^i010337
945    ^p0^l0^i010338
945    ^p0^l0^i010339
999    ^aประนอม เกษจรัล
รายการนี้ยังไม่มีแท็ก
คุณยังไม่ได้ล็อกอิน คุณสามารถมีกิจกรรมร่วมกับเว็บไซต์ได้ แต่ต้องล็อกอินก่อน ::
  ล็อกอิน

รายการสื่อสารสนเทศ

ลำดับที่ ประเภท เลขเรียก/บาร์โค้ด สถานที่ สถานะ
1. วิทยาศาสตร์การแพทย์ และสุขภาพ
หนังสือสำรอง
สถานะ=หนังสือสำรอง
WS105 ก151ค ฉ.1 
  Barcode: 010330
ห้องสมุดวิทยาเขตสวรรค์ประชารักษ์
►หนังสือทั่วไป
บนชั้น
2. วิทยาศาสตร์การแพทย์ และสุขภาพ
วิทยาศาสตร์การแพทย์ และสุขภาพ
WS105 ก151ค ฉ.10 
  Barcode: 010339
ห้องสมุดวิทยาเขตสวรรค์ประชารักษ์
►หนังสือทั่วไป
บนชั้น
3. วิทยาศาสตร์การแพทย์ และสุขภาพ
วิทยาศาสตร์การแพทย์ และสุขภาพ
WS105 ก151ค ฉ.2 
  Barcode: 010331
ห้องสมุดวิทยาเขตสวรรค์ประชารักษ์
►หนังสือทั่วไป
บนชั้น
4. วิทยาศาสตร์การแพทย์ และสุขภาพ
วิทยาศาสตร์การแพทย์ และสุขภาพ
WS105 ก151ค ฉ.3 
  Barcode: 010332
ห้องสมุดวิทยาเขตสวรรค์ประชารักษ์
►หนังสือทั่วไป
บนชั้น
5. วิทยาศาสตร์การแพทย์ และสุขภาพ
วิทยาศาสตร์การแพทย์ และสุขภาพ
WS105 ก151ค ฉ.4 
  Barcode: 010333
ห้องสมุดวิทยาเขตสวรรค์ประชารักษ์
►หนังสือทั่วไป
บนชั้น
6. วิทยาศาสตร์การแพทย์ และสุขภาพ
วิทยาศาสตร์การแพทย์ และสุขภาพ
WS105 ก151ค ฉ.5 
  Barcode: 010334
ห้องสมุดวิทยาเขตสวรรค์ประชารักษ์
►หนังสือทั่วไป
บนชั้น
7. วิทยาศาสตร์การแพทย์ และสุขภาพ
วิทยาศาสตร์การแพทย์ และสุขภาพ
WS105 ก151ค ฉ.6 
  Barcode: 010335
ห้องสมุดวิทยาเขตสวรรค์ประชารักษ์
►หนังสือทั่วไป
บนชั้น
8. วิทยาศาสตร์การแพทย์ และสุขภาพ
วิทยาศาสตร์การแพทย์ และสุขภาพ
WS105 ก151ค ฉ.7 
  Barcode: 010336
ห้องสมุดวิทยาเขตสวรรค์ประชารักษ์
►หนังสือทั่วไป
บนชั้น
9. วิทยาศาสตร์การแพทย์ และสุขภาพ
วิทยาศาสตร์การแพทย์ และสุขภาพ
WS105 ก151ค ฉ.8 
  Barcode: 010337
ห้องสมุดวิทยาเขตสวรรค์ประชารักษ์
►หนังสือทั่วไป
บนชั้น
10. วิทยาศาสตร์การแพทย์ และสุขภาพ
วิทยาศาสตร์การแพทย์ และสุขภาพ
WS105 ก151ค ฉ.9 
  Barcode: 010338
ห้องสมุดวิทยาเขตสวรรค์ประชารักษ์
►หนังสือทั่วไป
บนชั้น

BibComment


ยังไม่เคยถูกคอมเมนท์

คอมเมนท์ทรัพยากรรายการนี้
  คอมเมนท์: คู่มือประเมินเพื..


 Copyright 2026. Bcnsprnw @Library